Thermal fogging of pesticides against flower and leaf pests on rubber (Record no. 71225)

MARC details
000 -LEADER
fixed length control field 00433nam a2200169Ia 4500
100 ## - MAIN ENTRY--AUTHOR NAME
Personal name Ali Sujan
245 #0 - TITLE STATEMENT
Title Thermal fogging of pesticides against flower and leaf pests on rubber
260 ## - PUBLICATION, DISTRIBUTION, ETC. (IMPRINT)
Name of publisher Planters Bulletin
Year of publication 1985
300 ## - PHYSICAL DESCRIPTION
Number of Pages 13-15
650 ## - SUBJECT ADDED ENTRY--TOPICAL TERM
Topical Term Pesticides
650 ## - SUBJECT ADDED ENTRY--TOPICAL TERM
Topical Term Rubber
650 ## - SUBJECT ADDED ENTRY--TOPICAL TERM
Topical Term Thermal fogging
700 ## - ADDED ENTRY--PERSONAL NAME
Personal name Leong C P
700 ## - ADDED ENTRY--PERSONAL NAME
Personal name Lim T M
942 ## - ADDED ENTRY ELEMENTS (KOHA)
Koha item type Journals
Holdings
Withdrawn status Lost status Damaged status Not for loan Home library Current library Shelving location Date acquired Serial Enumeration / chronology Koha item type
      Journals RRII Library RRII Library Pathology 17/12/2021 Volume 182, Issue Journals